[Event "HaustmÃ³t TaflfÃ©lags ReykjavÃ­kur 2015, A flokkur"]
[Site "Faxafen 12, ReykjavÃ­k"]
[Date "2015.09.13"]
[Round "1.1"]
[White "Bjarnason, Saevar"]
[Black "Jonasson, Benedikt"]
[Result "0-1"]
[BlackElo "2230"]
[EventDate "2015.09.13"]
[PlyCount "0"]
[WhiteElo "2108"]

1. d4 Nf6 2. c4 g6 3. Nc3 Bg7 4. e4 d6 5. f3 c5 6. dxc5 dxc5 7. Qxd8+ Kxd8 8.
Bg5 Nfd7 9. Nge2 Nc6 10. O-O-O b6 11. f4 Bb7 12. e5 h6 13. Bh4 g5 14. fxg5 Nxe5
15. Nf4 hxg5 16. Bxg5 Bh6 17. Bxh6 Rxh6 18. Be2 e6 19. h4 Ke7 20. h5 Rg8 21.
Rh4 Nf6 22. Rg1 Rg3 23. Rhh1 Nc6 24. Kd2 Nd4 25. Ke1 e5 26. Nfd5+ Bxd5 27. cxd5
Nxe2 28. Kxe2 Rxh5 29. Rxh5 Nxh5 30. Kf2 Rd3 31. g3 Nf6 32. Ke2 Rd4 33. Nb5 Rb4
34. Nxa7 Rxb2+ 35. Kd3 Nxd5 36. a4 Kd6  0-1

[Event "HaustmÃ³t TaflfÃ©lags ReykjavÃ­kur 2015, A flokkur"]
[Site "Faxafen 12, ReykjavÃ­k"]
[Date "2015.09.13"]
[Round "1.2"]
[White "Johannsson, Orn Leo"]
[Black "Bergsson, Stefan"]
[Result "1-0"]
[BlackElo "2067"]
[EventDate "2015.09.13"]
[PlyCount "0"]
[WhiteElo "2123"]

1. e4 d6 2. f4 Nf6 3. d3 d5 4. e5 Nfd7 5. d4 c5 6. c3 Nc6 7. Be3 cxd4 8. cxd4
Nb6 9. Nd2 Bf5 10. a3 Rc8 11. Ne2 Bd3 12. Qb3 Ba6 13. Nc3 Bxf1 14. Rxf1 e6 15.
g3 Be7 16. Na4 O-O 17. Nxb6 axb6 18. Qd3 Na5 19. Ke2 Nc4 20. Nxc4 dxc4 21. Qe4
Qd7 22. Bd2 b5 23. Bc3 Ra8 24. Rad1 b4 25. axb4 Qb5 26. Rd2 Rfd8 27. f5 Ra2 28.
fxe6 fxe6 29. Qg4 Ra6 30. Qh5 g6 31. Qf3 Rf8 32. Qg2 Bxb4 33. Rxf8+ Bxf8 34. d5
Bh6 35. Rd1 Ra8 36. dxe6 Qb6 37. Qf2 Qxe6 38. Rd6 Qg4+ 39. Qf3 Qh3 40. Qd5+ Kf8
41. Rf6+ Ke8 42. Qg8+ Kd7 43. Qxh7+ Ke8 44. Qxg6+  1-0

[Event "HaustmÃ³t TaflfÃ©lags ReykjavÃ­kur 2015, A flokkur"]
[Site "Faxafen 12, ReykjavÃ­k"]
[Date "2015.09.13"]
[Round "1.3"]
[White "Jensson, Einar Hjalti"]
[Black "Viglundsson, Bjorgvin"]
[Result "1-0"]
[BlackElo "2169"]
[EventDate "2015.09.13"]
[PlyCount "0"]
[WhiteElo "2392"]

1. d4 d6 2. e4 Nf6 3. Nc3 Nbd7 4. f4 e5 5. Nf3 exd4 6. Qxd4 c6 7. Bd2 d5 8. exd5
Bc5 9. Qd3 O-O 10. O-O-O Re8 11. h3 Qc7 12. Ng5 Nb6 13. dxc6 bxc6 14. Nce4 Nxe4
15. Nxe4 Bf8 16. Qf3 Be6 17. Bc3 f6 18. Qg3 Kh8 19. f5 Qxg3 20. Nxg3 Bd5 21. b3
Re3 22. Rd3 Rae8 23. Bd2 Ba3+ 24. Kd1 R3e7 25. c4 Bf7 26. Be2 Nd7 27. Bc3 Ne5
28. Rd2 Bc5 29. Kc2 Bf2 30. Nf1 Be1 31. Rd1 Bxc3 32. Kxc3 c5 33. Rd6 Nc6 34.
Rxc6 Rxe2 35. Rxc5 Rxa2 36. Nd2 g6 37. Rc7 Kg7 38. fxg6 hxg6 39. g4 Re2 40. Rd7
f5 41. gxf5 gxf5 42. c5 Kf6 43. Rc1 Be6 44. Rd6 Re3+ 45. Kb4 Ke7 46. Nc4 Bxc4
47. Rxc4 a5+ 48. Kb5 Rxb3+ 49. Ka6 Rxh3 50. Rb6 Rhh2 51. c6 Rhc2 52. Rh4 Ra1
53. c7 Rac1 54. Rh7+  1-0

[Event "HaustmÃ³t TaflfÃ©lags ReykjavÃ­kur 2015, A flokkur"]
[Site "Faxafen 12, ReykjavÃ­k"]
[Date "2015.09.13"]
[Round "1.4"]
[White "Thorfinnsson, Bragi"]
[Black "Thorhallsson, Gylfi"]
[Result "1-0"]
[BlackElo "2080"]
[EventDate "2015.09.13"]
[PlyCount "0"]
[WhiteElo "2414"]

1. e4 c5 2. Nf3 Nc6 3. Bb5 d6 4. O-O Bd7 5. c3 a6 6. Ba4 Nf6 7. Re1 e5 8. h3 Rc8
9. d4 cxd4 10. cxd4 b5 11. Bb3 Be7 12. Nc3 O-O 13. a3 Qc7 14. Nd5 Nxd5 15. exd5
Na5 16. dxe5 Nxb3 17. Qxb3 Qc2 18. Qxc2 Rxc2 19. Bf4 dxe5 20. Nxe5 Bf5 21. Nc6
Bc5 22. Be3 Bd7 23. Bxc5 Rxc5 24. Ne7+ Kh8 25. Rac1 Rxc1 26. Rxc1 g6 27. Rc7
Rd8 28. Ra7 Kg7 29. Rxa6 Kf8 30. d6 f6 31. Nd5 Kf7 32. Nc7 Rb8 33. Ra7 Rb6 34.
Na6 Rxd6 35. Nc5 Ke8 36. Rxd7 Rxd7 37. Nxd7 Kxd7 38. Kf1 Kd6 39. Ke2 Kd5 40.
Kd3  1-0

[Event "HaustmÃ³t TaflfÃ©lags ReykjavÃ­kur 2015, A flokkur"]
[Site "Faxafen 12, ReykjavÃ­k"]
[Date "2015.09.13"]
[Round "1.5"]
[White "Ptacnikova, Lenka"]
[Black "Johannesson, Oliver"]
[Result "0-1"]
[BlackElo "2198"]
[EventDate "2015.09.13"]
[PlyCount "0"]
[WhiteElo "2235"]

1. Nf3 d5 2. g3 c6 3. Bg2 Bg4 4. O-O Nd7 5. d3 e5 6. c4 dxc4 7. dxc4 Ngf6 8. Nc3
Be7 9. b3 O-O 10. h3 Bh5 11. g4 Bg6 12. Nh4 a5 13. Nxg6 hxg6 14. Bb2 Nc5 15.
Qc2 Qc7 16. Rad1 Rfd8 17. e3 Ne6 18. Ne4 Nxe4 19. Qxe4 Bd6 20. Qc2 a4 21. Bc3
axb3 22. axb3 Qe7 23. b4 Bxb4 24. Bxe5 Bd6 25. Bxd6 Rxd6 26. Rxd6 Qxd6 27. Rd1
Qe7 28. Qe4 Rd8 29. Rxd8+ Qxd8 30. f4 Qd1+ 31. Kh2 Qd6 32. Kg1 Kf8 33. f5 gxf5
34. gxf5 Nc5 35. Qh4 Kg8 36. Qd4 Qe7 37. Kf2 Nd7 38. Bf3 Ne5 39. Be2 Qf6 40.
Qf4 Nd7 41. e4 Qd4+ 42. Qe3 Qe5 43. Qd3 Nf6 44. Bf3 Kh7 45. Kg2 b5 46. cxb5
cxb5 47. Qb3 Kg8 48. Qb4 Ne8 49. Be2 Nd6 50. Bd3 Nc4 51. Kf3 Qd4 52. Bxc4 bxc4
53. Qe7 Qd1+ 54. Kf4 Qd2+ 55. Kf3 Qd3+ 56. Kf4 Qd2+ 57. Kf3 Qd1+ 58. Ke3 Qg1+
59. Kf3 Qf1+ 60. Kg3 Qd3+ 61. Kf4 Qd2+ 62. Kf3 c3 63. Qe8+ Kh7 64. Qxf7 Qd3+
65. Kf4 Qf1+ 66. Kg3 Qe1+ 67. Kf3 Qh1+ 68. Kf4 Qc1+ 69. Kf3 Qd1+ 70. Kf4 Qd6+
71. Kf3 c2 72. e5 Qc6+ 73. Kg4 c1=Q 74. f6 Qe4+  0-1

[Event "HaustmÃ³t TaflfÃ©lags ReykjavÃ­kur 2015, A flokkur"]
[Site "Faxafen 12, ReykjavÃ­k"]
[Date "2015.09.16"]
[Round "2.1"]
[White "Jonasson, Benedikt"]
[Black "Johannesson, Oliver"]
[Result "0-1"]
[BlackElo "2198"]
[EventDate "2015.09.13"]
[PlyCount "0"]
[WhiteElo "2230"]

1. e4 c5 2. Nf3 e6 3. d4 cxd4 4. Nxd4 Nc6 5. Nc3 Qc7 6. g3 a6 7. Bg2 Nf6 8. O-O
Be7 9. a4 O-O 10. Nde2 d6 11. Nf4 Ne5 12. h3 Bd7 13. g4 Bc6 14. g5 Nfd7 15. Nd3
b5 16. axb5 axb5 17. Rxa8 Rxa8 18. f4 b4 19. Ne2 Qb6+ 20. Kh2 Nc4 21. Ng3 Bf8
22. b3 Na3 23. Qe2 Rc8 24. f5 exf5 25. Nxf5 Bb5 26. c4 bxc3 27. Bxa3 Qa5 28.
Qg4 g6 29. Nh6+ Bxh6 30. gxh6 Qxa3 31. Qf3 Qxb3 32. Nc1 Qe6 33. Rf2 Ne5 34. Qe3
c2 35. Qb6 Bd7 36. Rd2 Nc4 37. Qd4 Qe5+ 38. Qxe5 Nxe5  0-1

[Event "HaustmÃ³t TaflfÃ©lags ReykjavÃ­kur 2015, A flokkur"]
[Site "Faxafen 12, ReykjavÃ­k"]
[Date "2015.09.16"]
[Round "2.2"]
[White "Thorhallsson, Gylfi"]
[Black "Ptacnikova, Lenka"]
[Result "1-0 "]
[BlackElo "2235"]
[EventDate "2015.09.13"]
[PlyCount "0"]
[WhiteElo "2080"]

1. e4 d5 2. exd5 Qxd5 3. Nc3 Qd6 4. d4 c6 5. Nf3 Nf6 6. h3 Nbd7 7. Be2 g6 8. O-O
Bg7 9. Re1 O-O 10. Bg5 h6 11. Be3 Nd5 12. Nxd5 cxd5 13. Qd2 g5 14. h4 f5 15.
Qa5 g4 16. Ne5 Nxe5 17. dxe5 Qxe5 18. Rad1 e6 19. Bd4 Qxd4 20. Rxd4 Bxd4 21.
Qd2 Bg7 22. Bb5 a6 23. Ba4 b5 24. Bb3 Ra7 25. c3 Kh7 26. Qe3 Raf7 27. Qb6 Bf6
28. h5 Bd8 29. Qc6 Bc7 30. Rxe6 Bxe6 31. Qxe6 Rf6 32. Qxd5 Rd6 33. Qb7 Rf7 34.
Qc8 a5 35. g3 Rd8 36. Qa6 Rg7 { Ólæsilegt - Hvítur vann í 43. leik}   1-0

[Event "HaustmÃ³t TaflfÃ©lags ReykjavÃ­kur 2015, A flokkur"]
[Site "Faxafen 12, ReykjavÃ­k"]
[Date "2015.09.16"]
[Round "2.3"]
[White "Viglundsson, Bjorgvin"]
[Black "Thorfinnsson, Bragi"]
[Result "1/2-1/2"]
[BlackElo "2414"]
[EventDate "2015.09.13"]
[PlyCount "0"]
[WhiteElo "2169"]

1. d4 Nf6 2. c4 b6 3. Nc3 Bb7 4. d5 e6 5. a3 exd5 6. cxd5 Bd6 7. Nf3 O-O 8. Bg5
Re8 9. e3 h6 10. Bh4 Na6 11. Bc4 Nc5 12. Qc2 c6 13. Rd1 b5 14. dxc6 dxc6 15.
Ba2 Qe7 16. O-O a5 17. Ne2 Qe4 18. Qc1 Bf8 19. Bxf6 gxf6 20. Ng3 Qg4 21. h3 Qg7
22. Rd4 Bc8 23. Rfd1 Kh8 24. Rd8 Be6 25. Rxa8 Rxa8 26. Bxe6 fxe6 27. b4 axb4
28. axb4 Nd7 29. Qxc6 Ra7 30. Qxe6 Qe7 31. Qc6 Ne5 32. Nxe5 fxe5 33. Nf5 Qxb4
34. Qf6+ Kh7 35. Qxe5 Rf7 36. Qe6 Qc4 37. Qxc4 bxc4 38. Nd4 Ba3 39. Nc2 Bb2 40.
Rb1 c3 41. Kf1 Rd7 42. Nd4 Rc7 43. Nc2 Rd7 44. Nd4 Rc7 45. Nc2  1/2-1/2

[Event "HaustmÃ³t TaflfÃ©lags ReykjavÃ­kur 2015, A flokkur"]
[Site "Faxafen 12, ReykjavÃ­k"]
[Date "2015.09.16"]
[Round "2.4"]
[White "Bergsson, Stefan"]
[Black "Jensson, Einar Hjalti"]
[Result "1/2-1/2"]
[BlackElo "2392"]
[EventDate "2015.09.13"]
[PlyCount "0"]
[WhiteElo "2067"]

1. c4 f5 2. Nf3 Nf6 3. g3 g6 4. Bg2 Bg7 5. O-O O-O 6. Nc3 d6 7. d4 c6 8. b3 Na6
9. Bb2 Qc7 10. Re1 Ne4 11. Qb1 Nxc3 12. Bxc3 e5 13. dxe5 dxe5 14. Qb2 e4 15.
Nd4 Nc5 16. Rad1 a5 17. Qd2 Re8 18. Qe3 b6 19. f4 Be6 20. Rd2 Bf7 21. Red1 Red8
22. Nc2 Rxd2 23. Rxd2 Rd8 24. Bxg7 Kxg7 25. Qc3+ Kf8 26. Rxd8+ Qxd8 27. Qh8+
Ke7 28. Qe5+ Ne6 29. Kf2 h5 30. h3 a4 31. bxa4 Qd2 32. Ne3 Qd6 33. Qb2 Qc5 34.
a3 h4 35. g4 Nxf4 36. Qb4 Be6 37. a5 Qxb4 38. axb4 bxa5 39. bxa5 Kd6 40. a6 Kc7
41. gxf5 gxf5 42. c5 Bc8 43. Bf1 Kb8 44. Nc2 Ne6 45. Ke3 Nxc5 46. Kf4 Nxa6 47.
Kg5 Kc7 48. Kxh4 Kd6 49. Kg5 Ke5 50. h4 Nc7 51. e3 Ne6+ 52. Kg6 f4 53. h5 Bd7
54. h6 Be8+ 55. Kh7 Kf6 56. exf4 Bg6+ 57. Kh8 Nxf4 58. Ne3 Bf7 59. Kh7 Be6 60.
Ba6 Nd5 61. Nc4 Nc7 62. Nd6 Nxa6 63. Nxe4+ Ke5 64. Kg7 Bf5 65. Ng5 Nc7 66. Nf3+
Ke4 67. Nh4 Ne8+ 68. Kf7 Bh7 69. Kxe8 Kf4 70. Kf7 Kg5 71. Kg7 Be4 72. Ng2 c5 
1/2-1/2

[Event "HaustmÃ³t TaflfÃ©lags ReykjavÃ­kur 2015, A flokkur"]
[Site "Faxafen 12, ReykjavÃ­k"]
[Date "2015.09.16"]
[Round "2.5"]
[White "Bjarnason, Saevar"]
[Black "Johannsson, Orn Leo"]
[Result "1/2-1/2"]
[BlackElo "2123"]
[EventDate "2015.09.13"]
[PlyCount "0"]
[WhiteElo "2108"]

1. Nf3 d5 2. g3 Nf6 3. Bg2 c6 4. O-O Bf5 5. b3 h6 6. Bb2 Nbd7 7. c4 e6 8. d3 Be7
9. Nbd2 O-O 10. Qc2 Bh7 11. a3 a5 12. Bc3 b5 13. cxb5 cxb5 14. Qb2 Qb6 15. Bd4
Qb7 16. Ne5 Rfc8 17. Nxd7 Qxd7 18. Nf3 Ne8 19. Ne5 Qb7 20. f4 Rc7 21. Rac1 Rac8
22. Be3 Nd6 23. g4 Bf8 24. h3 f6 25. Nf3 Bg6 26. Rxc7 Rxc7 27. Nd4 Bf7 28. Rc1
Qc8 29. Bd2 Be7 30. Rxc7 Qxc7 31. Qc3 Qxc3 32. Bxc3 Bd8 33. Nc6 Bb6+ 34. Kf1 a4
35. bxa4 bxa4 36. Bb4 Nb5 37. f5 exf5 38. Ne7+ Kh7 39. Nxd5 Bxd5 40. Bxd5 fxg4
41. hxg4 Nd4 42. Bf7 Nc2 43. Bd6 Bd4 44. Be8 Bb2 45. Bxa4 Bxa3 46. Bf4 Nd4 47.
e3 Ne6 48. Bg3 g6 49. Ke2 Bb2 50. Bb3 Nc5 51. Bd5 Be5 52. Be1 Na4 53. Bc6 Nb6
54. d4 Bd6 55. Kd3 f5 56. gxf5 gxf5 57. Bh4 Kg6 58. Be8+ Kg7 59. Bd8 Nd5 60.
Bd7 Be7 61. Ba5 Bb4 62. Bd8 Be7 63. Bxe7 Nxe7 64. Kc4 Kf6 65. Kc5 h5 66. d5 h4
67. d6 Ng6 68. Bc6 Nf8 69. Bg2 Ke5 70. Kc6 Ke6 71. Kc7 Ke5 72. d7 Nxd7 73. Kxd7
h3 74. Bh1 h2 75. Kc6 f4 76. e4 Kd4 77. Kd6 Ke3 78. e5 f3 79. e6 f2 80. e7 f1=Q
81. e8=Q+ Kd2 82. Qa8 Qd3+  1/2-1/2

[Event "HaustmÃ³t TaflfÃ©lags ReykjavÃ­kur 2015, A flokkur"]
[Site "Faxafen 12, ReykjavÃ­k"]
[Date "2015.09.20"]
[Round "3.1"]
[White "Johannsson, Orn Leo"]
[Black "Jonasson, Benedikt"]
[Result "1/2-1/2"]
[BlackElo "2230"]
[EventDate "2015.09.13"]
[PlyCount "0"]
[WhiteElo "2123"]

1. e4 c5 2. Nf3 Nc6 3. Bb5 g6 4. O-O Bg7 5. c3 e5 6. d3 Nge7 7. Be3 d6 8. d4
cxd4 9. cxd4 exd4 10. Bxd4 O-O 11. Bxg7 Kxg7 12. Nc3 a6 13. Be2 Qb6 14. Qd2 Bg4
15. Rad1 Rfd8 16. Nd4 Bxe2 17. Ndxe2 Rac8 18. Nf4 Re8 19. Nfd5 Nxd5 20. Nxd5
Qd8 21. f3 Ne5 22. b3 f6 23. Rc1 Rc6 24. Rfd1 Nf7 25. Qd4 Re6 26. Nb4 Rc7 27.
Rc3 Rxc3 28. Qxc3 Qb6+ 29. Qd4 Qa5 30. Qd5 Qc5+ 31. Qxc5 dxc5 32. Nd5 Rd6 33.
Rc1 b6 34. a4 a5 35. Kf2 Nd8 36. Ke3 Kf7 37. Kd3 Nc6 38. Kc4 Nd4 39. Rd1 Ne6
40. g3 g5 41. Rd3 h5 42. f4 gxf4 43. gxf4 Nd4 44. Nxb6 Rxb6 45. Kxc5 Rxb3 46.
Rxd4 Rb2 47. Kd6 Rxh2 48. e5 Re2 49. Rd5 fxe5 50. fxe5 h4 51. Rxa5 Rd2+ 52. Kc5
Ke6 53. Ra6+ Kxe5  1/2-1/2

[Event "HaustmÃ³t TaflfÃ©lags ReykjavÃ­kur 2015, A flokkur"]
[Site "Faxafen 12, ReykjavÃ­k"]
[Date "2015.09.20"]
[Round "3.2"]
[White "Jensson, Einar Hjalti"]
[Black "Bjarnason, Saevar"]
[Result "1-0"]
[BlackElo "2108"]
[EventDate "2015.09.13"]
[PlyCount "0"]
[WhiteElo "2392"]

1. d4 Nf6 2. c4 e6 3. Nf3 Bb4+ 4. Nbd2 c5 5. e3 O-O 6. a3 Bxd2+ 7. Bxd2 d6 8.
Bd3 Nc6 9. Bc3 Re8 10. O-O Bd7 11. b4 e5 12. b5 e4 13. bxc6 bxc6 14. dxc5 Bg4
15. cxd6 exf3 16. gxf3 Bh3 17. Kh1 Bxf1 18. Bxf1 c5 19. Bh3 Nd7 20. Qd5 Nb6 21.
Qxc5 Qh4 22. Rg1 f6 23. Qf5 Kh8 24. c5  1-0

[Event "HaustmÃ³t TaflfÃ©lags ReykjavÃ­kur 2015, A flokkur"]
[Site "Faxafen 12, ReykjavÃ­k"]
[Date "2015.09.20"]
[Round "3.3"]
[White "Thorfinnsson, Bragi"]
[Black "Bergsson, Stefan"]
[Result "1-0"]
[BlackElo "2067"]
[EventDate "2015.09.13"]
[PlyCount "0"]
[WhiteElo "2414"]

1. e4 e5 2. Nf3 Nc6 3. Bb5 f5 4. d3 fxe4 5. dxe4 Nf6 6. O-O d6 7. Nc3 Bg4 8. Qd3
Be7 9. Bc4 Qd7 10. Ne2 Na5 11. Bb5 c6 12. Bd2 cxb5 13. Bxa5 O-O 14. Ng3 Rac8
15. c3 Bxf3 16. Qxf3 d5 17. exd5 b6 18. Bb4 Bxb4 19. cxb4 Qxd5 20. Qe2 e4 21.
Rfe1 Qe5 22. Rad1 a5 23. b3 Rce8 24. Qd2 h5 25. h3 h4 26. Nf1 a4 27. Qd6 Qg5
28. bxa4 bxa4 29. Qxb6 Nh5 30. Ne3 Rxf2 31. Kxf2 Qg3+ 32. Kg1 Nf4 33. Kh1 Nd3
34. Rf1 Nf2+ 35. Rxf2 Qxf2 36. Qg6  1-0

[Event "HaustmÃ³t TaflfÃ©lags ReykjavÃ­kur 2015, A flokkur"]
[Site "Faxafen 12, ReykjavÃ­k"]
[Date "2015.09.20"]
[Round "3.4"]
[White "Ptacnikova, Lenka"]
[Black "Viglundsson, Bjorgvin"]
[Result "1-0"]
[BlackElo "2169"]
[EventDate "2015.09.13"]
[PlyCount "0"]
[WhiteElo "2235"]

1. Nf3 Nf6 2. g3 b6 3. Bg2 Bb7 4. O-O g6 5. d4 Bg7 6. c4 O-O 7. Nc3 Ne4 8. Nxe4
Bxe4 9. Be3 d5 10. Qc1 Nc6 11. Rd1 Re8 12. Ne5 Nxe5 13. dxe5 Bxg2 14. Kxg2 c6
15. Bf4 e6 16. e4 Rc8 17. Qd2 dxc4 18. Qe2 Qe7 19. h4 Qc5 20. Rac1 b5 21. Rd7
Bxe5 22. b4 Bxf4 23. bxc5 Bxc1 24. Rxa7 Ra8 25. Rc7 Rec8 26. Rb7 Ra3 27. Qc2
Bh6 28. Qb2 Rd3 29. a4 Bg7 30. Qc2 Rb3 31. axb5 Rxb5 32. Ra7 Rxc5 33. Qd1 Bf6
34. Qd6 Rb5 35. Qd7 Rf8 36. Qxc6 Rb4 37. Qc5 Rfb8 38. e5 Bd8 39. Qd6 Rb2 40.
Qd7 Rxf2+ 41. Kxf2 Bb6+ 42. Kf3 Bxa7 43. Qxa7 Rc8 44. Qb7 Rc5 45. Qb4 Rc8 46.
Qc3 h5 47. Kf4 Kg7 48. Kg5 Rc5 49. Kf4 Rc8 50. g4 hxg4 51. Kxg4 Rc5 52. Kf4 Rc7
53. Kf3 Rc8 54. Kg4 Rc5 55. h5 Rd5 56. hxg6 Kxg6 57. Kf4 Rc5 58. Qg3+ Kh7 59.
Qh2+  1-0

[Event "HaustmÃ³t TaflfÃ©lags ReykjavÃ­kur 2015, A flokkur"]
[Site "Faxafen 12, ReykjavÃ­k"]
[Date "2015.09.20"]
[Round "3.5"]
[White "Johannesson, Oliver"]
[Black "Thorhallsson, Gylfi"]
[Result "1/2-1/2"]
[BlackElo "2080"]
[EventDate "2015.09.13"]
[PlyCount "0"]
[WhiteElo "2198"]

1. d4 f5 2. g3 Nf6 3. Bg2 e6 4. Nf3 Be7 5. O-O O-O 6. c4 d6 7. Nc3 Qe8 8. b4 a5
9. b5 Nbd7 10. Qd3 Qh5 11. Ba3 Rf7 12. e4 fxe4 13. Nxe4 Nxe4 14. Qxe4 d5 15.
cxd5 exd5 16. Qe3 Bxa3 17. Qxa3 Nf6 18. h4 Bf5 19. Ne5 Rff8 20. Rac1 c6 21.
bxc6 bxc6 22. Rxc6 Be4 23. f3 Bg6 24. Rc7 Rfe8 25. Qc1 Rab8 26. Qc3 Qh6 27. Re1
a4 28. Kh2 a3 29. Qxa3 Qd2 30. Qc3 Qxa2 31. Ra1 Qf2 32. Rf1 Qa2 33. Qa1 Qe2 34.
Re1 Qf2 35. Rf1 Qe2 36. Qe1 Qa6 37. Qa1 Qe2 38. Re1 Qf2 39. Rf1 Qe2 40. Qd1 Qa2
41. Qa1 Qe2 42. Qe1 Qb2 43. Qf2 Qa3 44. Rd1 Rb2 45. Rd2 Reb8 46. Rc8+ Rxc8 47.
Rxb2 Bf5 48. g4 Be6 49. Rb6 Bf7 50. Qd2 h6 51. Qf4 Qe7 52. Kg3 Rc2 53. Rb8+ Be8
54. Bf1 Qa7 55. Bd3 Qxb8 56. Bxc2 Qb4 57. Qe3 Bb5 58. g5 hxg5 59. hxg5 Nd7 60.
Ng4 Qd6+ 61. Qf4 Qe7 62. Ne3 Nf8 63. Qe5 Qxe5+ 64. dxe5 d4 65. Bb3+ Kh7 66. Nf5
d3 67. Nd6 Bd7 68. Bc4 d2 69. Bd3+ Kg8 70. Bc2 Ne6 71. f4 Nd4 72. Bd1 Bc6 73.
Kf2 Ne6 74. Ke3 Bd5 75. Bg4 Nxf4 76. Kxf4 Bb3 77. e6 Kf8 78. Ke5 d1=Q 79. Bxd1
Bxd1 80. Nc8 Ba4 81. g6 Bc2 82. e7+ Ke8 83. Ke6 Bb3+ 84. Kd6 Bc2 85. Ke6 Bb3+
86. Kd6 Bc2 87. Nb6 Bxg6 88. Nd5 Kf7 89. Nf4 Bc2 90. Kd7 Ba4+ 91. Kd8 g5 92.
Nd3 Bb5 93. Ne5+  1/2-1/2

[Event "HaustmÃ³t TaflfÃ©lags ReykjavÃ­kur 2015, A flokkur"]
[Site "Faxafen 12, ReykjavÃ­k"]
[Date "2015.09.30"]
[Round "4.1"]
[White "Jonasson, Benedikt"]
[Black "Thorhallsson, Gylfi"]
[Result "1-0"]
[BlackElo "2080"]
[EventDate "2015.09.13"]
[PlyCount "0"]
[WhiteElo "2230"]

1. e4 e5 2. Nf3 Nc6 3. Bb5 a6 4. Ba4 Nf6 5. O-O b5 6. Bb3 Be7 7. Re1 d6 8. c3
O-O 9. h3 Na5 10. Bc2 c5 11. d3 Nc6 12. Nbd2 Ne8 13. Nf1 f5 14. exf5 Bxf5 15.
Ng3 Bg6 16. Bb3+ Kh8 17. Bd5 Rc8 18. d4 cxd4 19. Bxc6 Rxc6 20. cxd4 Rc2 21.
dxe5 dxe5 22. Qxd8 Bxd8 23. Rxe5 Nd6 24. Re2 Bf6 25. Rxc2 Bxc2 26. Bf4 Nc4 27.
Rc1 Bxb2 28. Rxc2 Rxf4 29. Nd2 Bd4 30. Nxc4 bxc4 31. Kf1 Rf8 32. Ne4 c3 33. Ke2
Rc8 34. Kd3 Rd8 35. Kc4 Be5 36. Nxc3 Kg8 37. Nd5 Kf7 38. Re2 Rc8+ 39. Kd3 Bd6
40. Rc2 Rxc2 41. Kxc2 Ke6 42. Ne3 h5 43. Kd3 Bc5 44. Ke4 Bb6 45. f4 Bc5 46. Nd5
Bd6 47. f5+ Kf7 48. Nf4 h4 49. Ng6 Bg3 50. Kf3 Kf6 51. Kg4 a5 52. a4 Be1 53.
Nxh4 Bxh4 54. Kxh4 Kxf5 55. Kh5 Kf6 56. g4 Kf7 57. Kg5 Ke7 58. Kg6 Kf8 59. g5
Kg8 60. h4 Kf8 61. Kh7 Kf7 62. h5 Kf8 63. g6  1-0

[Event "HaustmÃ³t TaflfÃ©lags ReykjavÃ­kur 2015, A flokkur"]
[Site "Faxafen 12, ReykjavÃ­k"]
[Date "2015.09.30"]
[Round "4.2"]
[White "Viglundsson, Bjorgvin"]
[Black "Johannesson, Oliver"]
[Result "1/2-1/2"]
[BlackElo "2198"]
[EventDate "2015.09.13"]
[PlyCount "0"]
[WhiteElo "2169"]

1. d4 Nf6 2. c4 e6 3. g3 Bb4+ 4. Bd2 Qe7 5. Nc3 Nc6 6. e3 Bxc3 7. Bxc3 Ne4 8.
Ne2 Qf6 9. f4 d5 10. Bg2 Qg6 11. Qc2 Nxc3 12. Qxg6 hxg6 13. Nxc3 Nb4 14. Kd2 c6
15. c5 b6 16. a3 Na6 17. b4 Rb8 18. cxb6 axb6 19. h4 Nc7 20. Bf1 Ba6 21. Bxa6
Nxa6 22. Rhb1 Nc7 23. b5 Nxb5 24. Nxb5 cxb5 25. Rxb5 Kd7 26. Rab1 Kc7 27. a4
Rhd8 28. R5b3 Rdc8 29. Kd3  1/2-1/2

[Event "HaustmÃ³t TaflfÃ©lags ReykjavÃ­kur 2015, A flokkur"]
[Site "Faxafen 12, ReykjavÃ­k"]
[Date "2015.09.30"]
[Round "4.3"]
[White "Bergsson, Stefan"]
[Black "Ptacnikova, Lenka"]
[Result "0-1"]
[BlackElo "2235"]
[EventDate "2015.09.13"]
[PlyCount "0"]
[WhiteElo "2067"]

1. d4 Nf6 2. Nf3 e6 3. c4 Bb4+ 4. Nbd2 O-O 5. e3 b6 6. a3 Bxd2+ 7. Qxd2 a5 8.
Be2 a4 9. O-O d6 10. Qc2 Bb7 11. Rd1 Be4 12. Bd3 Bxd3 13. Qxd3 Nbd7 14. e4 e5
15. Bg5 Qe7 16. dxe5 dxe5 17. Qc3 Rfe8 18. Rxd7 Qxd7 19. Nxe5 Qe6 20. Bxf6 Qxf6
21. f4 Qxf4  0-1

[Event "HaustmÃ³t TaflfÃ©lags ReykjavÃ­kur 2015, A flokkur"]
[Site "Faxafen 12, ReykjavÃ­k"]
[Date "2015.09.30"]
[Round "4.4"]
[White "Bjarnason, Saevar"]
[Black "Thorfinnsson, Bragi"]
[Result "0-1"]
[BlackElo "2414"]
[EventDate "2015.09.13"]
[PlyCount "0"]
[WhiteElo "2108"]

1. e4 c5 2. Nf3 d6 3. d4 cxd4 4. Nxd4 Nf6 5. Nc3 a6 6. h3 e5 7. Nf3 Qc7 8. Nd5
Nxd5 9. exd5 Be7 10. c4 O-O 11. Be2 Nd7 12. O-O Re8 13. b3 f5 14. Bb2 Bf6 15.
Rc1 b6 16. b4 a5 17. a3 Qd8 18. Qc2 g6 19. Rfd1 Qe7 20. Bf1 Bb7 21. Qb3 a4 22.
Qc2 Rec8 23. Qd2 Kg7 24. Rc2 h6 25. Re1 Qf7 26. Qc1 Re8 27. Rd1 Rac8 28. Qe3
Kh7 29. Nd2 Bg5 30. Qe2 e4 31. Bd4 Bxd5 32. Rc3 Bb7 33. Nb1 h5 34. Rc2 f4 35.
Nc3 f3 36. gxf3 exf3 37. Qd3 Bf4 38. Nd5 Ne5 39. Bxe5 Bxe5  0-1

[Event "HaustmÃ³t TaflfÃ©lags ReykjavÃ­kur 2015, A flokkur"]
[Site "Faxafen 12, ReykjavÃ­k"]
[Date "2015.09.30"]
[Round "4.5"]
[White "Johannsson, Orn Leo"]
[Black "Jensson, Einar Hjalti"]
[Result "1/2-1/2"]
[BlackElo "2392"]
[EventDate "2015.09.13"]
[PlyCount "0"]
[WhiteElo "2123"]

1. e4 c5 2. Nf3 Nc6 3. Bb5 d6 4. O-O Bd7 5. Re1 Qc7 6. c3 a6 7. Bf1 g6 8. d4 Bg7
9. d5 Ne5 10. Nbd2 Nf6 11. a4 O-O 12. a5 Nxf3+ 13. Qxf3 e5 14. Nc4 Ne8 15. Nb6
Rd8 16. Nxd7 Rxd7 17. Qd3 f5 18. f3 f4 19. b4 Bf6 20. Ba3 Kh8 21. Qc4 Be7 22.
Reb1 Qc8 23. Rb2 g5 24. Rab1 Rg8 25. b5 Nc7 26. bxa6 Nxa6 27. Qa4 Nb8  1/2-1/2

[Event "HaustmÃ³t TaflfÃ©lags ReykjavÃ­kur 2015, A flokkur"]
[Site "Faxafen 12, ReykjavÃ­k"]
[Date "2015.10.04"]
[Round "5.1"]
[White "Jensson, Einar Hjalti"]
[Black "Jonasson, Benedikt"]
[Result "1-0"]
[BlackElo "2230"]
[EventDate "2015.09.13"]
[PlyCount "0"]
[WhiteElo "2392"]

1. d4 Nf6 2. c4 g6 3. Nc3 Bg7 4. e4 d6 5. f3 c5 6. dxc5 dxc5 7. Qxd8+ Kxd8 8.
Be3 Nfd7 9. Nge2 b6 10. O-O-O Ba6 11. b3 Nc6 12. g4 e6 13. h4 Ke7 14. h5 Rhd8
15. h6 Bxc3 16. Nxc3 Nde5 17. Bg2 Rxd1+ 18. Rxd1 Rd8 19. Rxd8 Nxd8 20. g5 Bb7
21. f4 Nd7 22. Bh3 Bc6 23. Kc2 f5 24. Kd3 Nb7 25. exf5 exf5 26. Bc1 Nd6 27.
Nd5+ Bxd5 28. cxd5 b5 29. Bg2 Nb7 30. Bb2 Kd6 31. Bc3 a6 32. a3 Nd8 33. Bg7 Nf7
34. Bf3 Nd8 35. Bg2 Nf7 36. Kc3 Nd8 37. Bh1 Nb7 38. Bf3 a5 39. b4 cxb4+ 40.
axb4 axb4+ 41. Kxb4 Nbc5 42. Be5+ Ke7 43. Be2 Nxe5 44. Kxc5 Nf7 45. Bxb5 Nd6
46. Kc6 Ne8 47. Ba4 Nd6 48. Kc7 Ne4 49. Bb5 Nd6 50. Bd7 Nf7 51. Be6 Nd6 52. Kc6
Ne4 53. Bg8 Nc3 54. Bxh7 Ne2 55. Bxg6 Nxf4 56. Bxf5  1-0

[Event "HaustmÃ³t TaflfÃ©lags ReykjavÃ­kur 2015, A flokkur"]
[Site "Faxafen 12, ReykjavÃ­k"]
[Date "2015.10.04"]
[Round "5.2"]
[White "Thorfinnsson, Bragi"]
[Black "Johannsson, Orn Leo"]
[Result "1-0"]
[BlackElo "2123"]
[EventDate "2015.09.13"]
[PlyCount "0"]
[WhiteElo "2414"]

1. Nf3 d5 2. g3 c6 3. Bg2 Bg4 4. O-O Bxf3 5. Bxf3 Nf6 6. c4 e6 7. Qc2 Nbd7 8. b3
Be7 9. Bb2 O-O 10. d4 Rc8 11. c5 Qc7 12. Nd2 e5 13. e3 e4 14. Bg2 Ng4 15. Rae1
f5 16. f3 exf3 17. Nxf3 g6 18. b4 Rce8 19. Qb3 h5 20. e4 fxe4 21. Rxe4 Kg7 22.
Ree1 Bf6 23. Bc1 Re4 24. Bf4 Qd8 25. h3 Nh6 26. Rxe4 dxe4 27. Bxh6+ Kxh6 28.
Qe3+ Kg7 29. Qxe4 Re8 30. Qd3 Nf8 31. Rd1 Qc7 32. Nh4 Rd8 33. d5 cxd5 34. Bxd5
a5 35. a3 axb4 36. axb4 Qe5 37. Qf3 Qb2 38. Qe4 Qc3 39. Nf3 Rd7 40. Kg2 Re7 41.
Qc4 Nd7 42. Rc1 Qxc4 43. Rxc4 Ne5 44. Nxe5 Bxe5 45. Rc2 Bd4 46. Bf3 Rc7 47. Rc4
Be5 48. b5 b6 49. Bc6 bxc5 50. Rxc5 Kf6 51. b6 Rc8 52. b7 Rd8 53. Be4 g5 54.
Rc6+ Ke7 55. Bf5 Bb8 56. Rc8 h4 57. g4 Bf4 58. Kf3 Bg3 59. Ke4 Bf4 60. Kf3 Bg3
61. Rc2 Rd4 62. Re2+ Kd8 63. Rb2 Bb8 64. Rc2 Ke7 65. Rc8 Rd8 66. Rxb8 Rxb8 67.
Bc8 Kf7 68. Ke4 Kf6 69. Kd5 Kf7 70. Ke5 Kg6 71. Ke6 Kg7 72. Kf5  1-0